00689nam a2200229 a 450000100060000000300080000600500170001400800410003103500190007204000270009104100080011808200260012610000230015224501130017526000490028830000180033750500110035565000350036665000140040165000180041570000260043362116BD-RjUL20211209081039.0170122m19631941enk 000 0 eng d a(BD-RjUL)62241 aVA@cVA@dBD-RjULbeng aeng 223a320.011bGRL 19631 aGreen, Thomas Hill10aLectures on the principles of political obligation /cThomas Hill Green, an introduction lord Lindsay Birker aLondon :bLongmans, c1941 [Impression 1963] a V. ;c23 cm. aV-2.-- aPolitical obligation.  aLiberty.  aNatural law.  aBirker, lord Lindsay